Peptide and protein engineering for biotechnological and therapeutic applications / (Record no. 49748)
[ view plain ]
| 000 -LEADER | |
|---|---|
| fixed length control field | 04024nam a2200409 a 4500 |
| 003 - CONTROL NUMBER IDENTIFIER | |
| control field | WSP |
| 005 - DATE AND TIME OF LATEST TRANSACTION | |
| control field | 20260416153410.0 |
| 008 - FIXED-LENGTH DATA ELEMENTS--GENERAL INFORMATION | |
| fixed length control field | 221025s2023 si ob 001 0 eng d |
| 020 ## - INTERNATIONAL STANDARD BOOK NUMBER | |
| International Standard Book Number | 9789811261664 |
| -- | (ebook) |
| 020 ## - INTERNATIONAL STANDARD BOOK NUMBER | |
| International Standard Book Number | 9811261660 |
| -- | (ebook) |
| 020 ## - INTERNATIONAL STANDARD BOOK NUMBER | |
| Cancelled/invalid ISBN | 9789811261657 |
| -- | (hbk.) |
| 072 #7 - SUBJECT CATEGORY CODE | |
| Subject category code | SCI |
| Subject category code subdivision | 049000 |
| Source | bisacsh |
| 072 #7 - SUBJECT CATEGORY CODE | |
| Subject category code | SCI |
| Subject category code subdivision | 007000 |
| Source | bisacsh |
| 072 #7 - SUBJECT CATEGORY CODE | |
| Subject category code | SCI |
| Subject category code subdivision | 050000 |
| Source | bisacsh |
| 082 04 - DEWEY DECIMAL CLASSIFICATION NUMBER | |
| Classification number | 615.19 |
| Edition number | 23 |
| 049 ## - LOCAL HOLDINGS (OCLC) | |
| Holding library | MAIN |
| 245 00 - TITLE STATEMENT | |
| Title | Peptide and protein engineering for biotechnological and therapeutic applications / |
| Statement of responsibility, etc | [edited by] Pierre Rousselot-Pailley, Olga Iranzo. |
| 260 ## - PUBLICATION, DISTRIBUTION, ETC. (IMPRINT) | |
| Place of publication, distribution, etc | Singapore : |
| Name of publisher, distributor, etc | World Scientific, |
| Date of publication, distribution, etc | c2023. |
| 300 ## - PHYSICAL DESCRIPTION | |
| Extent | 1 online resource (x, 509 p.) |
| 505 0# - FORMATTED CONTENTS NOTE | |
| Contents | Cis-amide stabilizing proline analogs: synthesis and applications -- Antimicrobial peptides and peptidomimetics as treatment option for Helicobacter pylori infection -- Antimicrobial ribosomally synthesized and post-translationally modified peptides as a source of alternatives to antibiotics: a focus on the Sactipeptides and Ranthipeptides subclasses -- Peptide nanotubes as dynamic materials -- Peptide- and protein-based nanomaterials for theranostics -- Engineering peptidyl and protein glutathione peroxidase mimics -- DNA recognition with artificial metallopeptides -- Recombinant production, isotopic labeling, purification and NMR characterization of cysteine-rich domains: the case of the death receptors involved in cancer treatment -- Substrate binding free energy profiles: probing enzyme-substrate interactions by molecular dynamics simulations -- Peptide-based artificial metalloenzymes by design -- Biohybrid catalysts harboring synthetic metal complexes within [beta]-Barrel proteins -- Chemistry for a better life: elaborating artificial metalloenzymes for eco-compatible chemical synthesis procedures and therapeutic applications. |
| 520 ## - SUMMARY, ETC. | |
| Summary, etc | "Peptides and proteins are crucial biomolecules in life. The manifold functions they carry out range from molecular recognition and signaling to catalysis and immune response. However, the native systems are limited to a reduced toolbox of chemical functionalities as well as tridimensional structures. Widening these toolboxes could pave the way to engineer peptides and proteins with enhanced properties compared to their native counterparts and/or with structures and functions unprecedented in Nature. Advances in the chemical and biological synthesis of peptides and proteins, in computational tools, in molecular biology and in high-throughput screening methods are making this realm possible. This book aims to give an overview of the last developments in the field of peptide and protein engineering. It comprises a collection of chapters that span from the production of simple non-proteinogenic building blocks and peptidic scaffolds of different sizes and structures to more complex systems including peptide-based nanomaterials, enzymes and artificial metalloenzymes. Different strategies are described where chemical and biological tools have been developed and combined to attain the desired properties and sought functionalities. The diverse systems described in this book highlight the progress in this important field and represent the starting points for the development of functional biomolecules, biomaterials and hybrid systems capable of addressing key societal challenges of our times in relevant areas such health, environment and energy"-- |
| 650 #0 - SUBJECT ADDED ENTRY--TOPICAL TERM | |
| Topical term or geographic name as entry element | Protein drugs. |
| 650 #0 - SUBJECT ADDED ENTRY--TOPICAL TERM | |
| Topical term or geographic name as entry element | Peptide drugs. |
| 700 1# - ADDED ENTRY--PERSONAL NAME | |
| Personal name | Rousselot-Pailley, Pierre. |
| 700 1# - ADDED ENTRY--PERSONAL NAME | |
| Personal name | Iranzo, Olga. |
| 856 40 - ELECTRONIC LOCATION AND ACCESS | |
| Uniform Resource Identifier | <a href="https://www.worldscientific.com/worldscibooks/10.1142/13005#t=toc">https://www.worldscientific.com/worldscibooks/10.1142/13005#t=toc</a> |
| 942 ## - ADDED ENTRY ELEMENTS (KOHA) | |
| Koha item type | Electronic Books |
| 504 ## - BIBLIOGRAPHY, ETC. NOTE | |
| Bibliography, etc | Includes bibliographical references and index. |
| 520 ## - SUMMARY, ETC. | |
| -- | Publisher's website. |
| 538 ## - SYSTEM DETAILS NOTE | |
| System details note | Mode of access: World Wide Web. |
| 538 ## - SYSTEM DETAILS NOTE | |
| System details note | System requirements: Adobe Acrobat Reader. |
| 655 #0 - INDEX TERM--GENRE/FORM | |
| Genre/form data or focus term | Electronic books. |
| Withdrawn status | Lost status | Source of classification or shelving scheme | Damaged status | Not for loan | Home library | Location | Date of Cataloging | Total Checkouts | Full call number | Barcode | Date last seen | Uniform Resource Identifier | Price effective from | Koha item type |
|---|---|---|---|---|---|---|---|---|---|---|---|---|---|---|
| Dewey Decimal Classification | CUTN Central Library | CUTN Central Library | 16/04/2026 | 615.19 | EB04984 | 16/04/2026 | https://doi.org/10.1142/13005 | 16/04/2026 | Electronic Books |
